UBT Library

Ruajtja dhe konservimi i librit / (Record no. 93)

000 -LEADER
fixed length control field 00698nam a22002177a 4500
008 - FIXED-LENGTH DATA ELEMENTS--GENERAL INFORMATION
fixed length control field 131010b xxu||||| |||| 00| 0 alb d
020 ## - INTERNATIONAL STANDARD BOOK NUMBER
International Standard Book Number 9951130178
041 0# - LANGUAGE CODE
Language code of text/sound track or separate title alb
080 ## - UNIVERSAL DECIMAL CLASSIFICATION NUMBER
Universal Decimal Classification number 025.7/.9
245 10 - TITLE STATEMENT
Title Ruajtja dhe konservimi i librit /
Statement of responsibility, etc Përgatitën Shqipe Dreshaj-Asllani, Blerta Slishani-Krasniqi.
260 ## -
-- Prishtinë :
-- Biblioteka Kombëtare dhe Universitare e Kosovës ;
-- 2006
300 ## -
-- 146 f. :
-- me il.;
-- 21 cm.
500 ## -
-- Parathënie : f. 9-10
500 ## -
-- Fjalorth: f. 140-143
505 ## -
-- Literatura: f. 146
650 ## -
-- Konservimi dhe ruajtja
650 ## -
-- Librat
700 ## -
-- Dreshaj-Asllani, Shqipe
700 ## -
-- Slishani-Krasniqi, Blerta
942 ## - ADDED ENTRY ELEMENTS (KOHA)
Source of classification or shelving scheme
Item type Books
Holdings
Withdrawn status Lost status Source of classification or shelving scheme Damaged status Not for loan Collection code Permanent location Current location Shelving location Date acquired Total Checkouts Full call number Barcode Date last seen Koha item type
          Koleksioni i përgjithshem UBT - Prishtine UBT - Prishtine Koleksioni i përgjithshem 10/10/2013   025.7/.9 RUA 001-000092 10/10/2013 Books
          Koleksioni i përgjithshem UBT - Prishtine UBT - Prishtine Koleksioni i përgjithshem 10/10/2013   025.7/.9 RUA 001-000093 10/10/2013 Books
UBT Library © 2015-2024. All rights reserved University Education for Business and Technology